000 00979nam a22001697a 4500
005 20260123085441.0
008 230712b ||||| |||| 00| 0 eng d
040 _cSSBUL
_dSSBUL
082 _223
_a၃၂၈.၅၉၁ ဒု ၁၆၁၂၇ (S-SAT)
245 _aဒုတိယအကြိမ်ပြည်သူ့လွှတ်တော်နှင့် ပြည်သူ့ကောင်စီအဆင့်ဆင့်ရွေးချယ်တင်မြှောက်ပွဲ ကျင်းပရေးကော်မတီရှင်.../
260 _c၁၉၇၈။
300 _a၉၂ စာမျက်နှာ၊
_c၂၂ စင်တီ။
500 _aS-SAT: Dr. Prof Sai Aung Tun
650 _aမြန်မာနိုင်ငံပြည်သူ့လွှတ်တော်။
_927829
650 _aလွှတ်တော်အစည်းအဝေးများ
_zမြန်မာနိုင်ငံ။
_927844
942 _2ddc
_cBK1
999 _c27109
_d27109